• 首页
  • 本馆介绍
  • 公告通知
  • 最新文献
  • 馆藏检索
  • 电子资源
  • 读者导购
  • 参考咨询
  • 我的图书馆
  • 登录
  • 详细信息显示
  • 放入我的书架
  • 预约/预借图书
  • 作者相关作品
  • 分类相关作品
  • 丛书相关作品
  • 出版社相关作品

书目信息

  • 表格格式
  • 工作单格式
  • 卡片格式
书名: Introduction to high energy physics
作者: [by] Donald H. Perkins.
分册号:
分册名:
出版地: Reading, Mass. :
 
出版社: Addison-Wesley Pub. Co
出版时间: [1972].
页数: xiii, 353 p. :
开本: 25 cm.
丛书名:
中图分类号:
科图分类号:
其他分类号: O57:H31
主题词:
电子资源:
000 00800cam 22000253450
001 E0732083122
005 20070301085634.06
008 720410s1972 maua b 001 0 eng
010    @a74137836
040    @aDLC@cDLC@dDLC@dICU
050 00 @aQC721@b.P329
082 00 @a539.7/21
090    @aP383/W76
090    @aO57:H31
099    @dO57:H31@ex12
100 1  @aPerkins, Donald H.
245 10 @aIntroduction to high energy physics / @c[by] Donald H. Perkins.
260    @aReading, Mass. :@bAddison-Wesley Pub. Co.,@c[1972].
300    @axiii, 353 p. :@billus. ;@c25 cm.
490 1  @aAddison-Wesley series in advanced physics
504    @aBibliography: p. 344-347.
650  0 @aParticles (Nuclear physics)
830  0 @aA-W series in advanced physics.
920    @a232010@z2
    
    Introduction to high energy physics / / [by] Donald H. Perkins.-Reading, Mass. : : Addison-Wesley Pub. Co., , [1972].
    xiii, 353 p. : : illus. ; ; 25 cm.- (Addison-Wesley series in advanced physics )
    Bibliography: p. 344-347.
    
    ISBN
    
●
相关链接 在E读中查询图书 在五车中查询图书 在当当中查询图书 在豆瓣中查询图书


正题名:Introduction to high energy physics     索取号:O57:H31/x12         预约/预借

序号 登录号 条形码 馆藏地/架位号 状态 备注
1 49258   000636618   第四借阅区/ [索取号:O57:H31/x12] 在馆    
唐山师范学院图书馆 欢迎您!
大连网信软件有限公司© 版权所有